Reflexiones sobre la democracia guatemalteca: la crisis y la violencia política

Sparad:
Bibliografiska uppgifter
Huvudupphovsman: Torres Rivas, Edelberto
Materialtyp: Text
Publicerad: Panamá: Universidad de Panamá
Taggar: Lägg till en tagg
Inga taggar, Lägg till första taggen!

MARC

LEADER 00000 a a2200000 04500
001 20327
003
040
090 |a 084500  
100 |a Torres Rivas, Edelberto  
245 |a Reflexiones sobre la democracia guatemalteca: la crisis y la violencia política  
260 |a Panamá:   |b Universidad de Panamá  
300 |a 29 p.  
999 |c 14136  |d 14136